Lego Batman 3: Beyond Gotham (2014) Playable Characters - Statistics

General Stats
  • This quiz has been taken 830 times
  • The average score is 126 of 258
Answer Stats
Answer % Correct
Bought Adam West
100%
DLC Azrael-Batman
100%
Unlockable Batman
100%
Bought Batman (1966)
100%
Unlockable Batman (Arctic Suit)
100%
DLC Batman (Brave and the Bold)
100%
Bought Batman (Darkest Knight)
100%
DLC Batman (Dark Knight Returns)
100%
DLC Batman (Dark Knight Trilogy)
100%
DLC Batman (Detective Comics 27)
100%
Unlockable Batman (Electricity Suit)
100%
DLC Batman (Gotham by Gaslight)
100%
Bought Batman (Joker Disguise)
100%
Bought Batman of Zurr-En-Arrh
100%
Unlockable Batman (Power Suit)
100%
Unlockable Batman (Scuba Suit)
100%
Unlockable Batman (Sensor Suit)
100%
DLC Batman (Sinestro Corps)
100%
Unlockable Batman (Sonar Suit)
100%
Unlockable Batman (Space Suit)
100%
DLC Batman (Terry McGinnis)
100%
DLC Batzarro
100%
Bought Bruce Wayne
100%
DLC Bruce Wayne (Retired)
100%
Bought Composite Superman
100%
DLC Rainbow Batman
100%
DLC Vampire Batman
100%
DLC Zebra Batman
100%
Bought Cyborg Superman
98%
Unlockable Robin
98%
Bought Robin (1966)
98%
Unlockable Robin (Dive Suit)
98%
Unlockable Robin (Hazard Suit)
98%
Unlockable Robin (Helmet Suit)
98%
Unlockable Robin (Illumination Suit)
98%
Bought Robin (Lex Luthor Disguise)
98%
Unlockable Robin (Magnet Suit)
98%
Unlockable Robin (Sphere Suit)
98%
Unlockable Robin (Techno Suit)
98%
Bought Tim Drake
98%
Bought | Unlockable The Joker
97%
Bought The Joker (1966)
97%
DLC The Joker (Batman Beyond)
97%
Bought The Joker (Batman Disguise)
97%
Unlockable The Joker (Decoy Suit)
97%
Unlockable The Joker (Demolition Suit)
97%
Unlockable The Joker (Electricity Suit)
97%
Unlockable The Joker (Flower Suit)
97%
Unlockable The Joker (Illumination Suit)
97%
Unlockable The Joker (Magnet Suit)
97%
DLC The Joker (Nurse)
97%
Unlockable The Joker (Sphere Suit)
97%
Unlockable Clark Kent
96%
Unlockable Superman
96%
DLC Superman (Man of Steel)
96%
Bought Superman (Solar Suit)
96%
DLC Greenzarro
93%
Unlockable Green Lantern
92%
Bought Green Loontern
92%
DLC Bizarra
91%
Unlockable Wonder Woman
89%
Bought Wonder Woman (Cheetah Disguise)
89%
DLC Cyzarro
88%
Unlockable Lex Luthor
87%
Unlockable Lex Luthor (Decoy Suit)
87%
Unlockable Lex Luthor (Giant Suit)
87%
Bought Lex Luthor (Hawkman Disguise)
87%
Unlockable Lex Luthor (Hazard Suit)
87%
Unlockable Lex Luthor (Shield Suit)
87%
Unlockable Lex Luthor (Space Suit)
87%
Unlockable Lex Luthor (Stealth Suit)
87%
Unlockable Lex Luthor (Techno Suit)
87%
Bought Lex Luthor (Wonder Woman Disguise)
87%
Unlockable The Flash
86%
Bought Reverse Flash
85%
Unlockable Cyborg
84%
Unlockable Cyborg (Demolition Suit)
84%
Unlockable Cyborg (Electricity Suit)
84%
Unlockable Cyborg (Giant Suit)
84%
Unlockable Cyborg (Magnet Suit)
84%
Unlockable Cyborg (Sonar Suit)
84%
Unlockable Cyborg (Space Suit)
84%
Unlockable Cyborg (Stealth Suit)
84%
Bought Kid Flash
84%
Unlockable Alfred
75%
Bought Alfred (1966)
75%
Unlockable Martian Manhunter
71%
Unlockable Martian Manhunter (True Form)
71%
Bought Harley Quinn
70%
DLC Harley Quinn (The Squad)
70%
Unlockable Cheetah
69%
Bought Cheetah (Robin Disguise)
69%
Unlockable Killer Croc
69%
Bought Miss Martian
69%
Bought Batgirl
67%
Bought Batgirl (1966)
67%
Bought Catwoman
62%
Bought Catwoman (1966)
62%
Bought Catwoman (Pre-52)
62%
DLC Selina Kyle (The Dark Knight Rises)
62%
Bought Aquaman
61%
Bought Bane
61%
DLC Bane (The Dark Knight Rises)
61%
Bought Bane (Venom-Powered)
61%
Bought Sinestro
61%
Bought Brainiac
59%
Unlockable Solomon Grundy
59%
Unlockable Firefly
58%
Bought Nightwing
58%
Bought The Penguin
56%
Bought The Penguin (1966)
56%
Bought Poison Ivy
53%
Bought The Riddler
53%
Bought The Riddler (1966)
53%
Bought Mr. Freeze
52%
DLC Mr. Freeze (Batman Beyond)
52%
Bought Supergirl
52%
Bought Supergirl (Classic)
52%
DLC Two-Face (The Dark Knight)
50%
Bought Green Arrow
49%
DLC Raven
46%
DLC Starfire
45%
Bought Beast Boy
44%
Bought Beast Boy (Gorilla)
44%
Bought Deathstroke
44%
DLC Deathstroke (The Squad)
44%
DLC Slade Wilson
44%
Bought Atrocitus
43%
Bought Deadshot
41%
DLC Deadshot (The Squad)
41%
Bought Black Canary
40%
Bought Superboy
39%
DLC The Scarecrow (Batman Begins)
39%
Bought Man-Bat
38%
DLC Bizarro
37%
Bought Killer Moth
37%
DLC Ace (Batman Beyond)
35%
Bought Ace the Bat-Hound
35%
Bought Captain Cold
34%
Bought Hawkman
34%
Bought Star Sapphire
34%
Unlockable Plastic Man
33%
Bought Red Hood
33%
DLC Commissioner Gordon
32%
DLC General Zod
32%
Bought Gorilla Grodd
32%
Bought Hawkgirl
32%
DLC Ra's Al Ghul (Batman Begins)
32%
DLC Darkseid
31%
Bought Larfleeze
31%
Bought Black Manta
30%
DLC Batwoman
29%
Bought Billy Batson
29%
Bought Shazam!
29%
Bought Blue Beetle
28%
Bought Black Adam
26%
Bought Indigo-1
26%
Bought Krypto the Superdog
26%
Bought Saint Walker
26%
Bought The Atom
26%
Bought Bat-Mite
25%
Bought Booster Gold
25%
Bought Mad Hatter
25%
Bought Bat-Cow
24%
DLC Captain Boomerang
24%
Bought Zatanna
24%
Bought Brainiac Minion
20%
Bought Doomsday
20%
Bought Swamp Thing
19%
Bought Swamp Thing (New 52)
19%
Bought Croc Henchman
18%
Bought Doctor Fate
18%
DLC Huntress
18%
Bought Joker Henchman
18%
DLC King Shark
18%
Bought Hush
17%
Bought Giganta
16%
DLC Island Goon
16%
DLC John Diggle
16%
Bought Joker Mime Henchman
16%
Bought Joker Space Henchman
16%
Bought Wonder Girl
16%
Bought Black Hand
15%
Bought Condiment King
15%
Bought Dex-Starr
15%
Bought Firestorm
15%
DLC Killer Frost
15%
Bought Ambush Bug
14%
Bought John Stewart
14%
Bought White Lantern
14%
Bought Arkillo
13%
Bought Bleez
13%
Bought Heat Wave
13%
Bought Polka-Dot Man
13%
Bought The Question
13%
Bought Kevin Smith
12%
Bought Red Tornado
12%
Bought Frankenstein
11%
Bought Parasite
11%
DLC Power Girl
11%
DLC Terra
11%
Bought Bronze Tiger
10%
Bought Detective Chimp
10%
Bought Jim Lee
10%
DLC Katana
10%
Bought Lobo
10%
DLC Mera
10%
Bought Metallo
10%
DLC Amanda Waller
9%
DLC Arrow
9%
Bought Kilowog
9%
Bought Mr. Mxyzptlk
9%
Bought Etrigan
8%
DLC Jor-El
8%
Bought LexBot
8%
DLC S.W.A.T. Team Member
8%
Bought Toyman
8%
DLC Vixen
8%
Bought Geoff Johns
7%
DLC Guy Gardner
7%
Bought Trickster
7%
DLC Desaad
6%
Bought Grayson
6%
DLC The Spoiler
6%
Bought Ultra-Humanite
6%
Bought Cheshire
5%
DLC El Diablo
5%
DLC Felicity Smoak
5%
Bought Music Meister
5%
Bought Orion
5%
Bought Vibe
5%
DLC Canary (Arrow)
4%
Bought Kalibak
4%
Bought Manchester Black
4%
DLC Plastique
4%
Bought Platinum
4%
Bought Stargirl
4%
Bought The Fierce Flame
4%
Bought The Gray Ghost
4%
DLC Blight
3%
Bought Indigo Tribe Warrior
3%
DLC Inque
3%
DLC Rainbow Raider
3%
DLC Roy Harper
3%
Bought Zamaron Warrior
3%
DLC Faora
2%
DLC Kelex
2%
DLC Lara Lor-Van
2%
DLC Malcolm Merlyn
2%
Bought Orange Construct Warrior
2%
Bought Reach Warrior
2%
Bought Red Lantern Warrior
2%
Bought Thunderer
2%
DLC Bonk
1%
Bought Sinestro Corps Warrior
1%
DLC Tor-An
1%
DLC Zod Agent
1%
No matching quizzes found
Score Distribution
Percent of People with Each Score
Percentile by Number Answered
Your Score History
You have not taken this quiz